000 00258nam a2200109Ia 4500
999 _c7880
_d7880
020 _a978-0072424348
100 _aRosen,Kenneth H.
245 0 _aDiscrete Mathematics and Its Applications
260 _aUSA
_bTata McGraw Hill
_c2003
300 _a787
942 _cBK